| 000 | nam a22 a 4500 | ||
|---|---|---|---|
| 999 |
_c432535 _d432535 |
||
| 003 | BLK | ||
| 005 | 20210921154356.0 | ||
| 008 | 200316b bul|||||r ||||||| ||bul|| | ||
| 040 | _aBLK | ||
| 041 |
_aBUL _cBUL |
||
| 080 |
_aРуска математичка, писателка и публицистка. _b929 Ковалевска, София Василиевна _z929 Ковалевска, София Василиевна |
||
| 100 |
_aЛитвинова, Е. Т. _eпърви автор _91299 |
||
| 139 | _aЛитвинова, Е. Т. | ||
| 245 | 1 | 0 |
_aС. В. Ковалевска _bЖивотът и науч. й деятелност : Биогр. очерк _cЕ. Т. Литвинова; прев. от рус. Ив. Тодоров. |
| 257 | _aBGR | ||
| 260 |
_aВарна _bкниж. К. Евстатиев _c1898 _fВарна : Зора на П. Н. Икономов _9216424 |
||
| 300 |
_a144, II с. _bс 1 портр. _c20 см |
||
| 380 | _a9 | ||
| 490 |
_aБиографична библиотека _vN 5 _9206576 |
||
| 490 |
_aКолекция Редки и ценни издания _9435080 |
||
| 600 | 1 | 4 |
_aКовалевска, София Василиевна _9223443 |
| 700 |
_aТодоров, Ив. _eпрев. от рус. _9429250 |
||
| 852 |
_aРб 898 _bРц |
||
| 856 | 4 |
_qpdf _u |
|
| 856 | 4 |
_qpdf _u |
|
| 942 |
_cKNG _n0 _s1 |
||
| 944 |
_aCR _c2021-09-21 |
||